Loading...
| Fine Arts - Classical Music | 0 | 10 | 0 | 1 | 100 | 59 | 95.30 | 1 | 10 | 24.68 | 60.91 |
| Social Science | 0 | 2 | 0 | 2 | 20 | 113 | 117.50 | 0 | 1 | 0.00 | 5.45 |
| Science - Physics | 0 | 2 | 1 | 0 | 15 | 87 | 105.00 | 0 | 2 | 3.26 | 14.55 |
| Literature - British | 0 | 1 | 0 | 1 | 10 | 143 | 143.00 | 0 | 0 | 0.13 | 1.82 |
| Mythology | 0 | 1 | 0 | 1 | 10 | 126 | 126.00 | 0 | 0 | 0.00 | 1.82 |
| Other Academic | 0 | 1 | 0 | 0 | 10 | 106 | 106.00 | 0 | 1 | 7.35 | 20.00 |
| Current Events | 0 | 1 | 0 | 0 | 10 | 61 | 61.00 | 1 | 1 | 12.29 | 20.00 |
| Fine Arts - Other | 0 | 2 | 2 | 1 | 10 | 112 | 114.50 | 0 | 2 | 2.82 | 8.18 |
| History - World | 0 | 1 | 0 | 1 | 10 | 131 | 131.00 | 0 | 0 | 0.00 | 1.82 |
| Fine Arts - Painting and Sculpture | 0 | 1 | 1 | 0 | 5 | 105 | 105.00 | 0 | 1 | 2.22 | 5.45 |
| Philosophy | 0 | 0 | 1 | 0 | -5 | 0.00 | 0 | 0 | 0.00 | 0.00 | |
| Literature - European | 0 | 0 | 1 | 0 | -5 | 0.00 | 0 | 0 | 0.00 | 0.00 | |
| Religion | 0 | 0 | 2 | 0 | -10 | 0.00 | 0 | 0 | 0.00 | 0.00 |